书目信息 |
| 题名: |
论反对官僚主义
|
|
| 作者: | 王梦奎 , 贾春峰 著 | |
| 分册: | ||
| 出版信息: | 天津 天津人民出版社 1980.12 |
|
| 页数: | 78页 | |
| 开本: | 19cm | |
| 丛书名: | ||
| 单 册: | ||
| 中图分类: | A82 | |
| 科图分类: | ||
| 主题词: | 列宁著作--学习 , 列宁著作研究 | |
| 电子资源: | ||
| ISBN: | ||
| 000 | 00760nam0 2200241 45 | |
| 001 | 0306241717 | |
| 005 | 20031222051745.6 | |
| 010 | @dCNY0.16 | |
| 091 | @a3072.548 | |
| 100 | @a20030624d1980 km y0chiy0120 ea | |
| 101 | 0 | @achi |
| 105 | @a z 000yy | |
| 200 | 1 | @a论反对官僚主义@ALun Fan Dui Guan Liao Zhu Yi@e学习列宁的理论与实践@EXue Xi Lie Ning De Li Lun Yu Shi Jian@f王梦奎,贾春峰著@FWang Meng Kui,Jia Chun Feng Zhu |
| 210 | @a天津@c天津人民出版社@d1980.12 | |
| 215 | @a78页@d19cm | |
| 517 | @a学习列宁的理论与实践@AXue Xi Lie Ning De Li Lun Yu Shi Jian | |
| 606 | 0 | @a列宁著作@x学习 |
| 606 | 0 | @a列宁著作研究 |
| 690 | @aA82@v3 | |
| 701 | 0 | @a王梦奎@4著 |
| 701 | 0 | @a贾春峰@4著 |
| 801 | @aCN@bTSTC@c20030624 | |
| 905 | @dA82@e2@f2@b67619-620 | |
| 论反对官僚主义:学习列宁的理论与实践/王梦奎,贾春峰著.-天津:天津人民出版社,1980.12 |
| 78页;19cm |
| ISBN :CNY0.16 |
| ● |
| 相关链接 |
|
|
|
|
正题名:论反对官僚主义
索取号:A82/2
 
预约/预借
| 序号 | 登录号 | 条形码 | 馆藏地/架位号 | 状态 | 备注 |
| 1 | 0057745 | 001832672 | 密集书库/ [索取号:A82/2] | 在馆 | |
| 2 | 0057746 | 000959671 | 第一样本阅览室/ [索取号:A82/2] | 在馆 | |
| 3 | 0067616 | 000959680 | 第一借阅区/ [索取号:A82/2] | 在馆 | |
| 4 | 0067617 | 000959644 | 第一借阅区/ [索取号:A82/2] | 在馆 | |
| 5 | 0067618 | 000959724 | 第一借阅区/ [索取号:A82/2] | 在馆 | |
| 6 | 0067619 | 001855344 | 密集书库/ [索取号:A82/2] | 在馆 | |
| 7 | 0067620 | 001855380 | 密集书库/ [索取号:A82/2] | 在馆 |